Ten Most Southerly NBA Teams - Statistics

General Stats
  • This quiz has been taken 25 times
  • The average score is 9 of 10
Answer Stats
Latitude Team % Correct
25.78 Miami Heat
100%
32.79 Dallas Mavericks
95%
29.75 Houston Rockets
95%
29.43 San Antonio Spurs
95%
29.95 New Orleans Pelicans
91%
28.54 Orlando Magic
91%
33.44 Phoenix Suns
91%
33.76 Atlanta Hawks
86%
34.04 Los Angeles Clippers/Los Angeles Lakers
77%
35.14 Memphis Grizzlies
41%
No matching quizzes found
Score Distribution
Percent of People with Each Score
Percentile by Number Answered
Your Score History
You have not taken this quiz